000 00287nam a22001337a 4500
008 170822b xxu||||| |||| 00| 0 eng d
020 _a978149049235
041 _aeng
080 _25 E
_a51
100 _a37
101 _aMAT
245 _aAPPLIED CALCULUS
_cWANER.S
942 _2udc
_cBK
999 _c24465
_d24465